Echafaudages tubulaires: théorie et practique
Uloženo v:
| Hlavní autoři: | , |
|---|---|
| Médium: | Kniha |
| Jazyk: | francouzština |
| Vydáno: |
París
Dunod
1963
|
| Edice: | Collection de I'Institut Technique du Batiment et des Travaux Publics
|
| Témata: | |
| Tagy: |
Přidat tag
Žádné tagy, Buďte první, kdo vytvoří štítek k tomuto záznamu!
|
MARC
| LEADER | 00000nam a2200000 a 4500 | ||
|---|---|---|---|
| 001 | UCU7594 | ||
| 003 | CL-VaPUC | ||
| 008 | 960705e19630000FR |||||||||||||||||fre|d | ||
| 082 | 0 | 4 | |a 624.177 |b COP |2 21 |
| 100 | 0 | |a Coppel, Th |e author |9 366505 | |
| 700 | 0 | |a Coulon, J. J |e author |9 366506 | |
| 245 | 1 | 0 | |a Echafaudages tubulaires: théorie et practique |
| 300 | |a 358 p | ||
| 942 | |c BK | ||
| 945 | |d 19960705 00:00:00 |a lriquelm | ||
| 260 | |a París |b Dunod |c 1963 | ||
| 650 | 0 | |a Elementos estructurales |9 350100 | |
| 650 | 0 | |a Andamios |9 365497 | |
| 650 | 7 | |a ENCOFRADO |2 CL-VaPUC |9 267807 | |
| 650 | 0 | |a Construcción |9 260195 | |
| 650 | 0 | |a Materiales de construcción |9 260197 | |
| 583 | |a last modification |c 19960705 00:00:00 |k Rodrigo Vera | ||
| 490 | 0 | |a Collection de I'Institut Technique du Batiment et des Travaux Publics | |
| 999 | |c 250190 |d 250188 | ||
| 952 | |0 0 |1 0 |4 0 |6 624_177000000000000_COP_1963 |7 0 |8 A |9 268053 |a BIBING |b BIBING |d 2019-11-19 |i 1698575 |o 624.177 COP 1963 |p 1698575 |r 2025-01-20 |w 2019-11-19 |y BK |k CCL | ||